| 000 | 01226nam a2200349 i 4500 | ||
|---|---|---|---|
| 001 | 25626 | ||
| 003 | KOSZ 005 | ||
| 005 | 20200219145236.0 | ||
| 008 | 070805s1972 pl a f 001 0 pol | ||
| 015 | _aPB 1972/4645 | ||
| 040 |
_aWA N _cWA N _dKOSZ 005/RW |
||
| 046 | _k1967 | ||
| 080 | _a621.51/.54 | ||
| 100 | 1 |
_aWarczak, Wiesław _eAutor |
|
| 245 | 1 | 0 |
_aTłokowe sprężarki ziębnicze / _cWiesław Warczak. |
| 250 | _aWydanie 2. poprawione i zaktualizowane. | ||
| 260 |
_aWarszawa : _bWydawnictwa Naukowo-Techniczne, _c1972. |
||
| 300 |
_a479, [1] stron, [2] karty tablic : _bilustracje ; _c24 cm. |
||
| 336 |
_aTekst _btxt _2rdacontent |
||
| 337 |
_aBez urządzenia pośredniczącego _bn _2rdamedia |
||
| 338 |
_aWolumin _bnc _2rdacarrier |
||
| 380 | _aKsiążki | ||
| 388 | _a1901-2000 | ||
| 504 | _aBibliografia na stronach 470-[476]. Indeks. | ||
| 658 | _aInżynieria i technika | ||
| 650 | 4 | _aProjektowanie | |
| 650 | 4 | _aBudowa i konstrukcje | |
| 650 | 4 | _aSprężarki chłodnicze | |
| 710 | 2 |
_aWydawnictwa Naukowo-Techniczne _4pbl. |
|
| 856 |
_uhttp://koha.tu.koszalin.pl/cgi-bin/koha/opac-detail.pl?biblionumber=25626 _yKatalog online BPK |
||
| 942 |
_2UKD _cKS |
||
| 999 |
_c25626 _d25626 |
||